Statistics for Capitals by Consonants

Click here to take the quiz!

General Stats

  • This quiz has been taken 30 times
  • The average score is 14 of 20

Answer Stats

ConsonantsCapital% Correct
KVKiev
100%
MDRDMadrid
100%
RMRome
100%
SNGPRSingapore
100%
WRSWWarsaw
93%
LJBLJNLjubljana
89%
DHKDhaka
81%
TRPLTripoli
81%
BRNBern
74%
SLOslo/Seoul
74%
LGRSAlgiers
67%
HNHanoi
59%
LNBTRUlaanbaatar
56%
BSSBissau
52%
CRCairo
52%
TPTaipei
52%
BJAbuja
48%
SNSana'a
44%
BRTBeirut
41%
LNDLuanda
26%

Score Distribution

Percentile by Number Answered

Percent of People with Each Score

Your Score History

You have not taken this quiz